| 000 | 01222nam0a2200361 4500 | ||
|---|---|---|---|
| 001 | RU\NLR\bibl\1846790 | ||
| 005 | 20250616174128.0 | ||
| 010 |
_a978-5-8037-0532-1 _9500 |
||
| 021 |
_aRU _b2011-93517 _96699 |
||
| 035 | _a(nilc)RSL-KNO-005107041 | ||
| 035 | _a(NLR Aleph) 001837216 | ||
| 090 |
_a2222070 _c2222070 |
||
| 100 | _a20111201d2012 |||y0rusy50 ca | ||
| 101 | 0 | _arus | |
| 102 | _aRU | ||
| 105 | _ay ||||||||| | ||
| 200 | 1 |
_aНаучные школы в системе науки _eфилософский анализ _fТ.Ю. Павельева |
|
| 210 |
_aМосква _cЯнус-К _d2012 |
||
| 215 |
_a183, [1] с. _d21 |
||
| 320 | _aБиблиогр. в подстроч. прим. | ||
| 606 | 1 |
_aНаучные школы _yРоссийская Федерация _92080206 _3RU\NLR\auth\661256124 |
|
| 610 | 0 | _aнаучные школы | |
| 686 |
_aЮ251.2,0 _2rubbk |
||
| 686 | _aЧ214(2Р)73 | ||
| 700 | 1 |
_aПавельева _bТ. Ю. _gТатьяна Юрьевна _4070 |
|
| 801 | 0 |
_aRU _bRuMoRKP _c20111201 _grcr |
|
| 801 | 1 |
_aRU _bРГБ _c20111201 |
|
| 801 | 2 |
_aRU _bNLR _c20111212 _grcr |
|
| 830 | _aавт. по кн. | ||
| 942 | _cBOOK | ||
| 980 | _aNB | ||
| 980 | _aNBR | ||